Chemicals (CH) (Record no. 5936)
[ view plain ]
| 000 -LEADER | |
|---|---|
| fixed length control field | 00540nam a22002057i 4500 |
| 001 - CONTROL NUMBER | |
| control field | 6341 |
| 003 - CONTROL NUMBER IDENTIFIER | |
| control field | OSt |
| 005 - DATE AND TIME OF LATEST TRANSACTION | |
| control field | 20181022131642.0 |
| 007 - PHYSICAL DESCRIPTION FIXED FIELD--GENERAL INFORMATION | |
| fixed length control field | tu |
| 008 - FIXED-LENGTH DATA ELEMENTS--GENERAL INFORMATION | |
| fixed length control field | 161220s2000 au ||||| |||| 00| 0 eng d |
| 024 7# - OTHER STANDARD IDENTIFIER | |
| Standard number or code | 6341 |
| Source of number or code | RID |
| 024 7# - OTHER STANDARD IDENTIFIER | |
| Standard number or code | 6341 |
| Source of number or code | RSN (alt) |
| 040 ## - CATALOGING SOURCE | |
| Transcribing agency | OSt |
| 041 ## - LANGUAGE CODE | |
| Language code of text/sound track or separate title | eng |
| 110 2# - MAIN ENTRY--CORPORATE NAME | |
| Corporate name or jurisdiction name as entry element | The Vienna Institute for International Economic Studies (wiiw) |
| 245 00 - TITLE STATEMENT | |
| Title | Chemicals (CH) |
| Remainder of title | Industry Report - Desktop Study |
| 260 ## - PUBLICATION, DISTRIBUTION, ETC. | |
| Place of publication, distribution, etc. | Vienna, |
| Date of publication, distribution, etc. | 2000. |
| 490 ## - SERIES STATEMENT | |
| Series statement | Competitiveness of Industry in Candidate Countries |
| 942 ## - ADDED ENTRY ELEMENTS (KOHA) | |
| Koha item type | Paper |
| Withdrawn status | Lost status | Damaged status | Not for loan | Home library | Current library | Shelving location | Date acquired | Inventory number | Total Checkouts | Barcode | Date last seen | Price effective from | Koha item type |
|---|---|---|---|---|---|---|---|---|---|---|---|---|---|
| WIIW | WIIW | Library | 08/04/2004 | 6341 | 10001834 | 01/26/2017 | 01/26/2017 | Paper |
